Tale of a tadpole / (Record no. 4597)

MARC details
000 -LEADER
fixed length control field 00977pam a2200349 a 4500
001 - CONTROL NUMBER
control field 4597
003 - CONTROL NUMBER IDENTIFIER
control field FISKH
005 - DATE AND TIME OF LATEST TRANSACTION
control field 20250827090448.0
008 - FIXED-LENGTH DATA ELEMENTS--GENERAL INFORMATION
fixed length control field 110129s2009 enka b 000 0 eng
010 ## - LIBRARY OF CONGRESS CONTROL NUMBER
LC control number 2011286394
020 ## - INTERNATIONAL STANDARD BOOK NUMBER
International Standard Book Number 9780756656041 (pb)
020 ## - INTERNATIONAL STANDARD BOOK NUMBER
International Standard Book Number 9780756656065 (plc)
040 ## - CATALOGING SOURCE
Original cataloging agency DLC
Transcribing agency DLC
Language of cataloging eng
050 ## - LIBRARY OF CONGRESS CALL NUMBER
Classification number QL668.E2
082 ## - DEWEY DECIMAL CLASSIFICATION NUMBER
Classification number 597.8139
100 1# - MAIN ENTRY--PERSONAL NAME
Personal name Wallace, Karen.
245 10 - TITLE STATEMENT
Title Tale of a tadpole /
Statement of responsibility, etc. written by Karen Wallace.
260 ## - PUBLICATION, DISTRIBUTION, ETC.
Place of publication, distribution, etc. New York :
Name of publisher, distributor, etc. DK Pub.,
Date of publication, distribution, etc. 2009.
300 ## - PHYSICAL DESCRIPTION
Extent 32 pages :
Other physical details color illustrations ;
Dimensions 23 cm.
490 0# - SERIES STATEMENT
Series statement DK readers
500 ## - GENERAL NOTE
General note "Beginning to read, 1"--cover.
505 ## - FORMATTED CONTENTS NOTE
Formatted contents note I<br/>
520 ## - SUMMARY, ETC.
Summary, etc. Describes the development of a tadpole into a frog.
521 8# - TARGET AUDIENCE NOTE
Target audience note 450<br/>
Source Lexile<br/>
521 8# - TARGET AUDIENCE NOTE
Target audience note I<br/>
Source Raz-Plus<br/>
650 #0 - SUBJECT ADDED ENTRY--TOPICAL TERM
Topical term or geographic name entry element Tadpoles
Form subdivision Juvenile literature.
650 #1 - SUBJECT ADDED ENTRY--TOPICAL TERM
Topical term or geographic name entry element Tadpoles.
650 #1 - SUBJECT ADDED ENTRY--TOPICAL TERM
Topical term or geographic name entry element Frogs.
906 ## - LOCAL DATA ELEMENT F, LDF (RLIN)
a 7
b cbc
c origcop
d 2
e ocip
f 20
g y-gencatlg
942 ## - ADDED ENTRY ELEMENTS (KOHA)
Source of classification or shelving scheme Dewey Decimal Classification
Koha item type Books
Suppress in OPAC No
Holdings
Withdrawn status Lost status Source of classification or shelving scheme Damaged status Not for loan Collection Home library Current library Shelving location Date acquired Total Checkouts Full call number Barcode Date last seen Price effective from Koha item type Copy number
    Dewey Decimal Classification     Non-Fiction Footprints International School Library Network Toul Kork Campus Footprints International School Library Network Toul Kork Campus TK Primary Library Room(4th Floor), Bookcase 1&2, Shelves 1-16, Dark Blue Books 09/17/2024   WAL 597.8139 QL668.E2 FISTK01407 09/17/2024 09/17/2024 Books  
    Dewey Decimal Classification     Non-Fiction Footprints International School Library Network Toul Kork Campus Footprints International School Library Network Toul Kork Campus TK Primary Library Room(4th Floor), Bookcase 1&2, Shelves 1-16, Dark Blue Books 10/30/2024   WAL 597.8139 QL668.E2 FISTK01360 10/30/2024 10/30/2024 Books 2
    Dewey Decimal Classification     Non-Fiction Footprints International School Library Network Toul Tom Poung Campus Footprints International School Library Network Toul Tom Poung Campus TTP Primary Dark Blue Bookshelves 08/27/2025   WAL 597.8139 QL668.E2 FIS03155 08/27/2025 08/27/2025 Books 3